Statistics for 「むら」?「そん」?

Click here to take the quiz!

General Stats

  • This quiz has been taken 6 times
  • The average score is 8 of 20

Answer Stats

QuestionAnswer% Correct
高知県土佐郡土佐山村むら
100%
熊本県球磨郡岡原村むら
83%
大分県大野郡清川村むら
83%
高知県高岡郡仁淀村むら
83%
広島県佐伯郡吉和村むら
83%
島根県邑智郡大和村むら
67%
鹿児島県薩摩郡上甑村むら
67%
佐賀県神埼郡脊振村むら
67%
熊本県八代郡泉村むら
33%
高知県香美郡物部村そん
33%
広島県神石郡豊松村そん
17%
大分県南海部郡直川村そん
17%
高知県高岡郡大野見村そん
17%
広島県双三郡布野村そん
17%
佐賀県神埼郡東脊振村そん
17%
高知県吾川郡吾北村そん
17%
徳島県麻植郡美郷村そん
17%
広島県山県郡筒賀村そん
0%
熊本県阿蘇郡波野村そん
0%
徳島県那賀郡木沢村そん
0%

Score Distribution

Percentile by Number Answered

Percent of People with Each Score

Your Score History

You have not taken this quiz